000 00434 a2200157 4500
999 _c1376
_d1376
020 _a9780077108120
050 _aHF 5415.2 CHI 2005
100 _aChisnall,Peter
_eAuthor
245 _aMarketing research/
_cPeter Chisnall
250 _a7th ed.
264 _aLondon:
_bMcGraw-Hill companies,
_c2005
300 _a554p.:
_bill.(col.)
500 _aIncludes index
650 _aMarketing Research
942 _2lcc
_cBK
_e7th
_h5415.2
_iCHI
_kHF